000 00991cam a2200241 4500
001 X113568
008 000000n2001 000 0 eng u
035 _a(Sirsi) u113568
100 _aStirling, J.
245 _aClobbered from the start
260 _c2001
490 _aBuilding
_v266(8191) 29 June 2001, 50(1)
520 _aLooks at the problems associated with novation clauses in fixed-price design and build contracts where, as in "Blyth and Blyth v Carillion Construction Ltd", the contractor can suffer losses as a result of the mistakes made by the consultant before the contract was signed.
650 _aBLYTH AND BLYTH V CARILLION CONSTRUCTION LTD
650 _aBUILT ENVIRONMENT-BUILDING CONTRACT FORMS
650 _aBUILT ENVIRONMENT-BUILDING CONTRACT FORMS
650 _aCONTRACTORS LIABILITY
650 _aDESIGN AND BUILD CONTRACTS
650 _aNOVATION
650 _aNOVATION DESIGN AND BUILD
690 _aBUILDING AND CONSTRUCTION-CASE LAW
942 _n0
999 _c67660
_d67660